| 000 | 01036nam a2200253Ia 4500 | ||
|---|---|---|---|
| 003 | OSt | ||
| 005 | 20210811093023.0 | ||
| 008 | 210310s1970 sr ad gr 000 0 spa d | ||
| 040 |
_aCO-JMCR _cCO-JMCR |
||
| 041 | 1 |
_aspa _heng |
|
| 082 | 0 | 4 |
_a332 / _bC455e _223 |
| 100 | 1 |
_aChander, Lester V., _eautor _927478 |
|
| 245 | 1 | 0 |
_aEconomía de moneda y banca / _cLester V. Chandler ; traducción, Beatriz Valeiras, Susana García Uriburu |
| 250 | _a5ª. edición | ||
| 260 |
_aBuenos Aires, Argentina : _bTea, _c1970. |
||
| 300 |
_a831 páginas : _bilustraciones y gráficas en blanco y negro ; _c23 cm. |
||
| 501 | _aCon: notas a pie de página. | ||
| 505 | 0 | _aNaturaleza y funciones del dinero y de las finanzas. -- Los bancos comerciales. -- Los bancos centrales. -- Teoría monetaria. -- Relaciones monetarias internacionales. | |
| 650 | 1 | 4 |
_aBancos y banca _938633 |
| 650 | 2 | 4 |
_aDinero _938632 |
| 700 | 1 |
_aValeiras, Beatriz, _etraductora _939261 |
|
| 700 | 1 |
_aSusana García Uriburu _etraductora _939262 |
|
| 942 |
_2ddc _cBK |
||
| 999 |
_c12168 _d12168 |
||